LIBRARY & INFORMATION CENTRE, KCAET, TAVANUR

ONLINE PUBLIC ACCESS CATALOGUE (OPAC)

Pleastering Plain and Decorative / (Record no. 3295)

MARC details
000 -LEADER
fixed length control field 00390cam a2200157ua 4500
041 ## - LANGUAGE CODE
Language code of text/sound track or separate title eng
082 ## - DEWEY DECIMAL CLASSIFICATION NUMBER
Classification number 693.6
Item number MAS/PL
100 ## - MAIN ENTRY--AUTHOR NAME
Personal name Mason, J .
245 ## - TITLE STATEMENT
Title Pleastering Plain and Decorative /
250 ## - EDITION STATEMENT
Edition statement 1 /
260 ## - PUBLICATION, DISTRIBUTION, ETC. (IMPRINT)
Place of publication London :
Name of publisher Crosby Lock wood and son Ltd ,
Year of publication 1955.
300 ## - PHYSICAL DESCRIPTION
Number of Pages 76 ; .
942 ## - ADDED ENTRY ELEMENTS (KOHA)
Koha item type Books
Holdings
Withdrawn status Lost status Damaged status Home library Current library Date acquired Full call number Accession Number Koha item type
      KAUAET KAUAET 07/04/2012 693.6 3948 Books
free website counter